Sports Quiz

Random Sports or NBA Quiz
Score 0/150 Timer 15:00
0 Plays Today
Hint Answer % Correct
Chicago BullsMichael Jordan
99.4%
Dallas MavericksDirk Nowitzki
98.7%
Boston CelticsLarry Bird
98.1%
Cleveland CavaliersLeBron James
98.1%
Miami HeatLeBron James
98.1%
Charlotte Hornets/BobcatsDell Curry
96.2%
Chicago BullsScottie Pippen
96.2%
Golden State WarriorsStephen Curry
96.2%
Los Angeles LakersKareem Abdul-Jabbar
96.2%
Milwaukee BucksKareem Abdul-Jabbar
96.2%
Minnesota TimberwolvesKevin Garnett
96.2%
Los Angeles LakersKobe Bryant
95.5%
Miami HeatDwyane Wade
95.5%
Boston CelticsPaul Pierce
94.9%
Charlotte Hornets/BobcatsLarry Johnson
94.9%
Houston RocketsJames Harden
94.9%
Los Angeles LakersJerry West
94.9%
Los Angeles LakersMagic Johnson
94.9%
New Orleans Pelicans/HornetsDavid West
94.9%
Phoenix SunsKevin Johnson
94.9%
Oklahoma City ThunderKevin Durant
94.3%
Brooklyn NetsVince Carter
93.6%
Miami HeatChris Bosh
93.6%
New Orleans Pelicans/HornetsChris Paul
93.6%
Toronto RaptorsChris Bosh
93.6%
Toronto RaptorsVince Carter
93.6%
Brooklyn NetsJason Kidd
93%
Houston RocketsHakeem Olajuwon
93%
Utah JazzKarl Malone
93%
Washington WizardsJeff Malone
93%
Denver NuggetsCarmelo Anthony
92.4%
Golden State WarriorsWilt Chamberlain
92.4%
Philadelphia 76ersAllen Iverson
92.4%
Washington WizardsJohn Wall
92.4%
Detroit PistonsIsiah Thomas
91.7%
New York KnicksPatrick Ewing
91.7%
Oklahoma City ThunderRussell Westbrook
91.7%
San Antonio SpursTim Duncan
91.7%
Atlanta HawksDominique Wilkins
90.4%
Denver NuggetsDavid Thompson
90.4%
Memphis GrizzliesMarc Gasol
90.4%
Memphis GrizzliesPau Gasol
90.4%
New Orleans Pelicans/HornetsAnthony Davis
90.4%
Phoenix SunsWalter Davis
90.4%
Indiana PacersJermaine O'Neal
89.8%
Indiana PacersReggie Miller
89.2%
Utah JazzJohn Stockton
89.2%
Los Angeles ClippersBlake Griffin
88.5%
Orlando MagicDwight Howard
88.5%
San Antonio SpursTony Parker
88.5%
Hint Answer % Correct
Charlotte Hornets/BobcatsKemba Walker
87.9%
Portland Trail BlazersDamian Lillard
87.9%
Memphis GrizzliesMike Conley
87.3%
Milwaukee BucksGlenn Robinson
87.3%
Portland Trail BlazersClifford Robinson
87.3%
San Antonio SpursDavid Robinson
87.3%
Portland Trail BlazersClyde Drexler
86.6%
Chicago BullsBob Love
86%
Minnesota TimberwolvesKevin Love
86%
Sacramento KingsOscar Robertson
85.4%
Toronto RaptorsDeMar DeRozan
85.4%
Denver NuggetsAlex English
84.1%
Boston CelticsJohn Havlicek
83.4%
San Antonio SpursManu Ginobili
82.8%
Orlando MagicTracy McGrady
82.2%
Toronto RaptorsKyle Lowry
82.2%
Boston CelticsKevin McHale
80.9%
Oklahoma City ThunderGary Payton
80.9%
Philadelphia 76ersJulius Erving
80.3%
Los Angeles ClippersRandy Smith
79.6%
Philadelphia 76ersCharles Barkley
79.6%
Brooklyn NetsBrook Lopez
79%
Memphis GrizzliesZach Randolph
77.1%
Brooklyn NetsBuck Williams
76.4%
Miami HeatAlonzo Mourning
75.8%
Charlotte Hornets/BobcatsGerald Wallace
75.2%
Detroit PistonsJoe Dumars
75.2%
Atlanta HawksBob Pettit
73.9%
Boston CelticsRobert Parish
73.2%
San Antonio SpursGeorge Gervin
73.2%
Los Angeles LakersElgin Baylor
72.6%
Minnesota TimberwolvesKarl-Anthony Towns
72.6%
New York KnicksWalt Frazier
71.3%
Golden State WarriorsRick Barry
68.8%
Golden State WarriorsChris Mullin
68.2%
New York KnicksWillis Reed
66.2%
Minnesota TimberwolvesAndrew Wiggins
65.6%
Cleveland CavaliersMark Price
65%
Portland Trail BlazersLaMarcus Aldridge
65%
Cleveland CavaliersZydrunas Ilgauskas
63.7%
Brooklyn NetsRichard Jefferson
61.8%
Phoenix SunsShawn Marion
61.8%
Houston RocketsElvin Hayes
61.1%
Washington WizardsElvin Hayes
61.1%
Charlotte Hornets/BobcatsGlen Rice
60.5%
Miami HeatGlen Rice
60.5%
Los Angeles ClippersBob McAdoo
58%
Memphis GrizzliesRudy Gay
56.7%
Milwaukee BucksMichael Redd
56.1%
Sacramento KingsMitch Richmond
56.1%
Hint Answer % Correct
Washington WizardsWes Unseld
55.4%
New Orleans Pelicans/HornetsRyan Anderson
54.8%
Orlando MagicNick Anderson
54.8%
Utah JazzAdrian Dantley
54.1%
Detroit PistonsBill Laimbeer
52.2%
Los Angeles ClippersElton Brand
51.6%
Chicago BullsLuol Deng
51%
Philadelphia 76ersHal Greer
50.3%
Portland Trail BlazersTerry Porter
50.3%
Dallas MavericksMichael Finley
49.7%
Indiana PacersRik Smits
47.8%
Dallas MavericksMark Aguirre
46.5%
Detroit PistonsBob Lanier
45.2%
Orlando MagicJameer Nelson
45.2%
Milwaukee BucksSidney Moncrief
44.6%
Cleveland CavaliersBrad Daugherty
43.3%
New York KnicksAllan Houston
43.3%
Orlando MagicNikola Vucevic
43.3%
Dallas MavericksRolando Blackman
42%
Phoenix SunsAlvan Adams
39.5%
Philadelphia 76ersDolph Schayes
36.9%
New Orleans Pelicans/HornetsJrue Holiday
36.3%
Denver NuggetsDan Issel
35%
Sacramento KingsTiny Archibald
35%
Dallas MavericksDerek Harper
34.4%
Golden State WarriorsPaul Arizin
34.4%
Detroit PistonsDave Bing
33.8%
Indiana PacersRoger Brown
33.8%
Oklahoma City ThunderFred Brown
33.8%
Oklahoma City ThunderJack Sikma
33.1%
Atlanta HawksLou Hudson
30.6%
Houston RocketsCalvin Murphy
30.6%
Toronto RaptorsAndrea Bargnani
26.1%
Milwaukee BucksBob Dandridge
24.8%
Chicago BullsJerry Sloan
21.7%
Houston RocketsRudy Tomjanovich
21.7%
Sacramento KingsJack Twyman
20.4%
Cleveland CavaliersAustin Carr
19.7%
Minnesota TimberwolvesSam Mitchell
19.7%
Atlanta HawksCliff Hagan
15.3%
Indiana PacersBilly Knight
14.6%
Atlanta HawksJohn Drew
12.7%
Utah JazzDarrell Griffith
12.7%
Sacramento KingsSam Lacey
7.6%
Utah JazzThurl Bailey
7.6%
Los Angeles ClippersCorey Maggette
5.7%
Phoenix SunsDick van Arsdale
5.7%
Denver NuggetsRalph Simpson
5.1%
New York KnicksCarl Braun
5.1%
Washington WizardsKevin Loughery
2.5%
Come Together.
Have Fun.
All Virtual.
We all need to come together. Play Sporcle's virtual live trivia to have fun, connect with people, and get your trivia on. Join a live hosted trivia game for your favorite pub trivia experience done virtually. If a virtual private party is more your thing, go here for details.

You're not logged in!

Compare scores with friends on all Sporcle quizzes.
OR
Log In

Sporcle TV

Today on Sporcle TV


Watch our educational content, quiz creation guides, and fun videos on Sporcle TV.

Show Comments

Extras

Created Jul 10, 2019ReportNominate
Tags:NBA Quiz, Ever, Leader, point, ppg, team, Top 5, total

Top Quizzes Today


Score Distribution

Paid Content

Your Account Isn't Verified!

In order to create a playlist on Sporcle, you need to verify the email address you used during registration. Go to your Sporcle Settings to finish the process.

Report this User

Report this user for behavior that violates our Community Guidelines.

Details: